000 00421cam a2200169ua 4500
041 _aeng
_h
082 _a828.09
_bBRA/OX
100 _aBradley, A C.
245 _aOxford lectures on poetry /
_cA C Bradley.
_hTextual Documents
250 _a /
_b.
260 _aMelbourne :
_bMacMillan and Company Limited ,
_c1963.
300 _a395 ; .
504 _a
942 _cBK
999 _c3544
_d3544